[Event "Paris op-1"]
[Site "Paris"]
[Date "1989.??.??"]
[Round "?"]
[White "Berings, X."]
[Black "Gregus, Laszlo"]
[Result "1-0"]
[WhiteElo "2000"]
[BlackElo "1830"]
[PlyCount "88"]
[EventDate "1989.??.??"]
[EventType "swiss"]
[EventRounds "9"]
[EventCountry "FRA"]
[SourceTitle "TD"]
[Source "ChessBase"]
[SourceDate "1994.03.01"]
[SourceVersion "1"]
[SourceVersionDate "1994.03.01"]
[SourceQuality "1"]

1. e4 c5 2. Nf3 Nc6 3. d4 cxd4 4. Nxd4 e5 5. Nb5 a6 6. N5c3 Nf6 7. Nd2 d5 8. exd5 Nxd5 9. Nde4 Nxc3 10. Qxd8+ Nxd8 11. Nxc3 Be7 12. Nd5 Bd6 13. Be3 Be6 14. 0-0-0 Nc6 15. Nf6+ Ke7 16. Ne4 Nd4 17. Nxd6 Kxd6 18. c3 Bxa2 19. cxd4 Rac8+ 20. Kd2 e4 21. Be2 f5 22. Rc1 h6 23. Rc5 Rxc5 24. dxc5+ Kc6 25. Kc3 Be6 26. Rd1 Bd5 27. Bc4 Rd8 28. b4 g5 29. Bd4 Bxc4 30. Kxc4 g4 31. Rd2 h5 32. Be3 Rd3 33. Rxd3 exd3 34. Kxd3 Kd5 35. Bf4 a5 36. bxa5 Kxc5 37. Bc7 Kd5 38. Ke3 h4 39. Kf4 Ke6 40. h3 Kd7 41. Bb6 gxh3 42. gxh3 Ke6 43. Bd8 Kd7 44. Bxh4 Ke6 1-0